000 00584nam a2200205 a 4500
005 20220528063514.0
008 090601s2002 es r 000 0 spa d
020 _a8424686640
035 _aUPN01000170823
049 _aCG
050 4 _aPQ6702 U7.4
_bA5.7
100 1 _aBurgas, Angel,
_d1965-
_936191
245 1 3 _aEl anticlub /
_cAngel Burgas ; il. Ignasi Blanch.
260 _aBarcelona, Esp. :
_bGalera,
_c2002.
300 _a173 p. :
_bil.
440 0 _aGrumetes
534 _pTítulo original
_tL'anticlub
650 0 _aLiteratura juvenil española
_912359
905 _aLibro
999 _c142928
_d142928